Music Quiz

Random Music or Clickable Quiz

Band Names: Real or Fake Quiz Stats

 Plays Quiz Updated Oct 18, 2015

Support Sporcle.
Go Orange.
Score 0/40 Timer 02:00
4 Plays Today
% Correct
KISS
90.9%
Bee Gees
89.1%
Goo Goo Dolls
88.8%
Earth, Wind & Fire
88%
Weezer
84.7%
Counting Crows
84.7%
Barenaked Ladies
84.4%
Foreigner
83.6%
Styx
83.4%
Imagine Dragons
83.3%
Smash Mouth
83.1%
Tears For Fears
81.9%
The Offspring
79.5%
Gnarls Barkley
79.4%
Death Cab for Cutie
76.6%
Savage Garden
76.5%
Commodores
76.1%
Men Without Hats
75.4%
Alien Ant Farm
74.6%
Fine Young Cannibals
74.5%
% Correct
Hoobastank
72.6%
Katrina and the Waves
68.1%
Lifehouse
65.4%
New Edition
65.4%
Iron Butterfly
61.4%
Psychedelic Furs
60.3%
Toad the Wet Sprocket
58.3%
Ugly Kid Joe
57.4%
O-Town
57%
Lighthouse
53.3%
Walk the Moon
52%
Menudo
51.7%
Strawberry Alarm Clock
49.2%
Slaughter
48.1%
The Power Station
43%
A*Teens
39.5%
Soup Dragons
36.8%
The Trashmen
36.4%
The Electric Prunes
32.3%
Player
27.1%

From the Vault

Rhymes with 'Y'

by sproutcm

This game is all that's 'Y' with the world.
Remove Ads.
Support Sporcle.
Get the best of Sporcle when you Go Orange. This ad-free experience offers more features, more stats, and more fun while also helping to support Sporcle. Thank you for becoming a member.

Show Comments

Extras

Top Quizzes Today


Score Distribution

Your Account Isn't Verified!

In order to create a playlist on Sporcle, you need to verify the email address you used during registration. Go to your Sporcle Settings to finish the process.

Report this User

Report this user for behavior that violates our Community Guidelines.

Details: